Представление документа в формате MARC21

Поле Инд. ПП Название Значение
Тип записи a
Библиографический уровень a
001 Контрольный номер 74b470185a7c4da097239e54a52176b3
005 Дата корректировки 20170301144705.0
020 a ISBN 5-02-010266-0
040 a Служба первич. каталог. НБ ТвГУ
b Код языка каталог. rus
e Правила каталог. PSBO
041 0_ a Код языка текста rus
097 b Оператор novikova
100 1_ a Автор Сванидзе Аделаида Анатольевна
q Полное имя Сванидзе А. А.
245 10 a Заглавие Георгий Александрович Некрасов (1916 - 2004)
260 a Место издания Москва
b Издательство Наука
520 0_ a Аннотация Вся жизнь Г. А. Некрасова прошла в научной и педагогической деятельности. Он был широко известен как специалист по истории России, по истории Скандинавии.
653 0_ a Ключевые слова 1916-2004 гг.
a Ключевые слова Некрасов Георгий Александрович
a Ключевые слова История России
a Ключевые слова История Швеции
700 12 a Другие авторы Чернышева Ольга Васильевна
q Полное имя Чернышева О. В.
773 18 w Контрольный № источника RU/IS/BASE/318428191
t Название источника Северная Европа
d Место и дата издания Москва : Наука, 2005
g Прочая информация Вып. 5. - С. 319-322
901 t Тип документа a
920 a Оператор Нови